LEADER 00949nam0-2200349---450- 001 990009377460403321 005 20130118143218.0 035 $a000937746 035 $aFED01000937746 035 $a(Aleph)000937746FED01 035 $a000937746 100 $a20120517d1951----km-y0itay50------ba 101 0 $afre 102 $aFR 105 $a--------001yy 200 1 $a<>souris de laboratoire et son élevage$fpar Michel Broustail 210 $aParis$cVigot Frères$d1951 215 $a70 p., [1] c. di tav.$cill.$d24 cm 610 0 $aTopi 676 $a599.323 3 700 1$aBroustail,$bMichel$074825 801 0$aIT$bUNINA$gRICA$2UNIMARC 901 $aBK 912 $a990009377460403321 952 $aVI C 21$b2238$fDMVSF 952 $aV/9/12$b778$fDMVMI 952 $a591.2-9$b5419$fDMVBF 959 $aDMVSF 959 $aDMVMI 959 $aDMVBF 996 $aSouris de laboratoire et son élevage$9360088 997 $aUNINA LEADER 02129nam 2200541 450 001 9910583084903321 005 20180326162653.0 010 $a0-12-800792-3 035 $a(CKB)3710000000473256 035 $a(EBL)4003762 035 $a(SSID)ssj0001587073 035 $a(PQKBManifestationID)16270283 035 $a(PQKBTitleCode)TC0001587073 035 $a(PQKBWorkID)14869558 035 $a(PQKB)11076090 035 $a(MiAaPQ)EBC4003762 035 $a(PPN)192177834 035 $a(EXLCZ)993710000000473256 100 $a20151203h20162016 uy 0 101 0 $aeng 135 $aur|n|---||||| 181 $ctxt 182 $cc 183 $acr 200 00$aArtificial intelligence in behavioral and mental health care /$fedited by David D. Luxton ; acquisition editor Nikki Levy ; designer Matthew Limbert ; contributors Michael Anderson [and twenty five others] 210 1$aAmsterdam, [Netherlands] :$cAcademic Press,$d2016. 210 4$d©2016 215 $a1 online resource (0 p.) 300 $aDescription based upon print version of record. 311 $a0-12-420248-9 320 $aIncludes bibliographical references at the end of each chapters and index. 330 8 $aSummarizes recent advances in artificial intelligence as it applies to mental health clinical practice. This book will be of use to mental health practitioners interested in learning about or incorporating AI advances into their practice and for researchers interested in a comprehensive review of these advances in one source. 606 $aMental health$xSocial aspects 606 $aArtificial intelligence$xMedical applications 615 0$aMental health$xSocial aspects. 615 0$aArtificial intelligence$xMedical applications. 676 $a155.92 702 $aLuxton$b David D. 702 $aLevy$b Nikki 702 $aLimbert$b Matthew 702 $aAnderson$b Michael 801 0$bMiAaPQ 801 1$bMiAaPQ 801 2$bMiAaPQ 906 $aBOOK 912 $a9910583084903321 996 $aArtificial intelligence in behavioral and mental health care$92227281 997 $aUNINA LEADER 03832nam 22006373 450 001 9910585946703321 005 20240424230217.0 010 $a9781760465094 010 $a1760465097 035 $a(CKB)5580000000317920 035 $a(MiAaPQ)EBC6970688 035 $a(Au-PeEL)EBL6970688 035 $a(OCoLC)1306244581 035 $a(oapen)https://directory.doabooks.org/handle/20.500.12854/91371 035 $a(Perlego)3472898 035 $a(oapen)doab91371 035 $a(EXLCZ)995580000000317920 100 $a20220715d2022 uy 0 101 0 $aeng 135 $aurcnu|||||||| 181 $ctxt$2rdacontent 182 $cc$2rdamedia 183 $acr$2rdacarrier 200 10$aPersons of Interest $eAn Intimate Account of Cecily and John Burton 205 $a1st ed. 210 $aCanberra$cANU Press$d2022 210 1$aCanberra :$cANU Press,$d2022. 210 4$d©2022. 215 $a1 online resource (412 pages) 225 1 $aANU Lives Series in Biography 311 08$a9781760465087 311 08$a1760465089 327 $aIntro -- Acknowledgements -- Prologue -- 1. Courting controversy -- 2. Cecily's travels with Judith Wright -- 3. A shared heritage -- 4. John's father: A radical, mission-driven Methodist -- 5. Embracing opportunities -- 6. Paradise lost -- 7. Honeymoon in dangerous times -- 8. The sinking of the Arandora Star -- 9. A remarkable rise in the public service -- 10. The Burton plot: Reconstruction and Nugget Coombs -- 11. Domesticity and babies -- 12. Australia on the world stage -- 13. Farming with an 'accommodating wife' -- 14. A controversial head of department -- 15. Reshaping Australia's foreign policy -- 16. The Gnomes of Melbourne -- 17. Political suicide -- 18. John's short stint as high commissioner in Ceylon -- 19. The beginning of the end of a marriage -- 20. Cecily's life-changing encounter -- 21. China: Neither 'dead nor red' -- 22. Paying the price for a mission of peace -- 23. An interlude: Farming the Burton way -- 24. Holding it together -- 25. The Petrov inquiry -- 26. Indonesia with ASIO in tow -- 27. A shift to the city: Enterprises and infidelity -- 28. The Snowy Mountains bus, bubble cars and other ventures -- 29. A family in crisis -- 30. A love triangle -- 31. Staging musicals: 'The Girl' and 'The Bloke' -- 32. Turmoil -- 33. The breakup -- 34. Tugs of war of love and divorce -- 35. Looking to Jung -- 36. Coming into her own: Counselling Cecily style -- 37. Revisiting relationship difficulties -- 38. John's 'real career' -- 39. Coming full circle: Cecily, Robert, John and all -- 40. A family shattered: Loss of Clare -- 41. Blue autumn: Cecily passes -- Select bibliography. 330 $aA world in upheaval; two lives lived under stress ... This story is set in the social and political landscape of pre- and post-World War II. It tells two vastly different tales of Cecily and John's lives in Australia and overseas, as nations clashed, and governments and international organisations tried to remake the world. 410 0$aANU Lives Series in Biography 517 $aPersons of Interest 606 $aAutobiography: historical, political & military$2bicssc 606 $aAustralasian & Pacific history$2bicssc 610 $aJohn Burton 610 $aAustralian Department of External Affairs 610 $aASIO 610 $amemoir 610 $aautobiography 610 $aCanberra 615 7$aAutobiography: historical, political & military 615 7$aAustralasian & Pacific history 676 $a994.04092 700 $aBurton$b Pamela$01147115 701 $aEdwards$b Meredith$g(Meredith Ann)$01436280 801 0$bMiAaPQ 801 1$bMiAaPQ 801 2$bMiAaPQ 906 $aBOOK 912 $a9910585946703321 996 $aPersons of Interest$93594765 997 $aUNINA